| 000 | 00655cam a22002057a 4500 | ||
|---|---|---|---|
| 001 | 13731491 | ||
| 005 | 20241114125513.0 | ||
| 008 | 040927s2005 inua f 001 0 eng d | ||
| 020 | _a0672327481 | ||
| 050 | 0 | 0 |
_aQA76.76.O63 _bH35434 2005 |
| 082 | 0 | 0 |
_a005.4/3 _222 |
| 100 | 1 | _aHarris, Jeffrey. | |
| 245 | 1 | 0 |
_aNovell Open Enterprise Server : _badministrator's handbook / _cJeffrey Harris. |
| 250 | _aNetWare ed. | ||
| 260 |
_aIndianapolis, Ind. : _bPearson Education, Inc., _cc2005. |
||
| 300 |
_axxiv, 575 p. : _bill. ; _c23 cm. |
||
| 500 | _aIncludes index. | ||
| 650 | 0 |
_aOperating systems (Computers) _vHandbooks, manuals, etc. |
|
| 942 |
_2lcc _cBK _n0 |
||
| 999 |
_c1188 _d1188 |
||